1130 1319 1262 1119 1962 1619 1666 1420 1818 1476 1051 1166 1225 1465 1595 1785 1545 1236 1244 1988 1197 2000 1612 1148 1125 1101 1388 1938 1868 1362 1927 1187 1249 1278 1778 1699 1872 1839 1118 1913 1611 1421 1281 1612 1762 1611 1120 1160 1221 1864 1705 1976 1261 1059 1801 1624 1987 1411 1403 1417 1997 1854 1827 1487 1453 1047 1913 1733 1837 1554 1766 1049 1222 1021 1483 1791 1467 1597 1659 1343 1433 1269 1414 1520 1795 1888 1252 1313 1397 1100 1774 1360 1536 1535 1039 1307 1269 1819 1578 BCNSPRNW ULIB Ver.6.0+V

เปลี่ยนเป็นภาษาไทย

Change to English
 แสดงรายละเอียดบรรณานุกรม
  กลับหน้าหลัก

Brief Record : Get Marc (ISO 2709) : E-mail record : QR code < ปิดหน้าต่าง
LEADER : 00000nam 2200000uu 4500
001    13399127662
003     ULIB
008    210316s2562||||th 000 0 tha d
020    ^a9786164301412^c199
060    ^aQS4^bอ313ร
100 1  ^aอรกัญญ์ ภูมิโคกรักษ์
245 10 ^aระบบร่างกายมนุษย์ =^bHuman body /^cอรกัญญ์ ภูมิโครักษ์
246    ^aHuman body
250    ^aพิมพ์ครั้งที่ 15
260    ^aกรุงเทพฯ :^bเอ็มไอเอส,^c2562
300    ^a175 หน้า :^bภาพประกอบ ;^c30 ซม.
650    ^aกายวิภาคศาสตร์
650    ^aสรีรวิทยา
945    ^p199^l0^i28734
945    ^p199^l0^i28735
945    ^p199^l0^i28736
945    ^p199^l0^i28737
945    ^p199^l0^i28738
945    ^p199^l0^i28739
945    ^p199^l0^i28740
945    ^p199^l0^i28741
945    ^p199^l0^i28742
945    ^p199^l0^i28743
999    ^aกัณชพร จุลอักษร
รายการนี้ยังไม่มีแท็ก
คุณยังไม่ได้ล็อกอิน คุณสามารถมีกิจกรรมร่วมกับเว็บไซต์ได้ แต่ต้องล็อกอินก่อน ::
  ล็อกอิน

รายการสื่อสารสนเทศ

ลำดับที่ ประเภท เลขเรียก/บาร์โค้ด สถานที่ สถานะ
1. หนังสือสำรอง
หนังสือสำรอง
QS4 อ313ร ฉ.1 
  Barcode: 28734
ห้องสมุดวิทยาเขตนครสวรรค์
►หนังสือทั่วไป:l:General Books
บนชั้น
2. วิทยาศาสตร์การแพทย์ และสุขภาพ
วิทยาศาสตร์การแพทย์ และสุขภาพ
QS4 อ313ร ฉ.10 
  Barcode: 28743
ห้องสมุดวิทยาเขตนครสวรรค์
►หนังสือทั่วไป:l:General Books
บนชั้น
3. วิทยาศาสตร์การแพทย์ และสุขภาพ
วิทยาศาสตร์การแพทย์ และสุขภาพ
QS4 อ313ร ฉ.2 
  Barcode: 28735
ห้องสมุดวิทยาเขตนครสวรรค์
►หนังสือทั่วไป:l:General Books
บนชั้น
4. วิทยาศาสตร์การแพทย์ และสุขภาพ
วิทยาศาสตร์การแพทย์ และสุขภาพ
QS4 อ313ร ฉ.3 
  Barcode: 28736
ห้องสมุดวิทยาเขตนครสวรรค์
►หนังสือทั่วไป:l:General Books
บนชั้น
5. วิทยาศาสตร์การแพทย์ และสุขภาพ
วิทยาศาสตร์การแพทย์ และสุขภาพ
QS4 อ313ร ฉ.4 
  Barcode: 28737
ห้องสมุดวิทยาเขตนครสวรรค์
►หนังสือทั่วไป:l:General Books
บนชั้น
6. วิทยาศาสตร์การแพทย์ และสุขภาพ
วิทยาศาสตร์การแพทย์ และสุขภาพ
QS4 อ313ร ฉ.5 
  Barcode: 28738
ห้องสมุดวิทยาเขตนครสวรรค์
►หนังสือทั่วไป:l:General Books
บนชั้น
7. วิทยาศาสตร์การแพทย์ และสุขภาพ
วิทยาศาสตร์การแพทย์ และสุขภาพ
QS4 อ313ร ฉ.6 
  Barcode: 28739
ห้องสมุดวิทยาเขตนครสวรรค์
►หนังสือทั่วไป:l:General Books
บนชั้น
8. วิทยาศาสตร์การแพทย์ และสุขภาพ
วิทยาศาสตร์การแพทย์ และสุขภาพ
QS4 อ313ร ฉ.7 
  Barcode: 28740
ห้องสมุดวิทยาเขตนครสวรรค์
►หนังสือทั่วไป:l:General Books
บนชั้น
9. วิทยาศาสตร์การแพทย์ และสุขภาพ
วิทยาศาสตร์การแพทย์ และสุขภาพ
QS4 อ313ร ฉ.8 
  Barcode: 28741
ห้องสมุดวิทยาเขตนครสวรรค์
►หนังสือทั่วไป:l:General Books
บนชั้น
10. วิทยาศาสตร์การแพทย์ และสุขภาพ
วิทยาศาสตร์การแพทย์ และสุขภาพ
QS4 อ313ร ฉ.9 
  Barcode: 28742
ห้องสมุดวิทยาเขตนครสวรรค์
►หนังสือทั่วไป:l:General Books
บนชั้น

รายการใกล้เคียง
    ผู้แต่ง [อรกัญญ์ ภูมิโคกรักษ์]

    หัวเรื่อง [กายวิภาคศาสตร์]
    หัวเรื่อง [สรีรวิทยา]

BibComment


ยังไม่เคยถูกคอมเมนท์

คอมเมนท์ทรัพยากรรายการนี้
  คอมเมนท์: ระบบร่างกายมนุษย..


 Copyright 2026. Bcnsprnw @Library